[Event "FRA-chT Top 12 (Women) GpA"]
[Site "Bennwihr"]
[Date "2011.02.11"]
[Round "1.1"]
[White "Uhl, Sarah"]
[Black "Chulivska, Vita"]
[Result "0-1"]
[WhiteElo "1709"]
[BlackElo "2223"]
[PlyCount "136"]
[EventDate "2011.02.11"]
[EventType "team-tourn"]
[EventRounds "5"]
[EventCountry "FRA"]
[SourceTitle "EXT 2012"]
[Source "ChessBase"]
[SourceDate "2011.11.24"]
[SourceVersion "1"]
[SourceVersionDate "2011.11.24"]
[SourceQuality "1"]
[WhiteTeam "Bennwihr (W)"]
[BlackTeam "Vandoeuvre (W)"]
[WhiteTeamCountry "FRA"]
[BlackTeamCountry "FRA"]

1. e4 c5 2. d4 cxd4 3. c3 dxc3 4. Nxc3 Nc6 5. Bc4 a6 6. Nf3 e6 7. 0-0 b5 8. Bb3 b4 9. Ne2 Bc5 10. Bf4 Nge7 11. Rc1 Ba7 12. Ng3 0-0 13. Bd6 a5 14. Ba4 Bb7 15. Qd2 Re8 16. Rfd1 Rc8 17. Ne5 Nxe5 18. Bxe5 Rxc1 19. Rxc1 Nc6 20. Bf4 Bb8 21. Bxb8 Qxb8 22. Qg5 Qe5 23. Qd2 Qc7 24. Qg5 h6 25. Qd2 Rd8 26. Qc2 Qe5 27. h3 h5 28. Ne2 h4 29. Qd2 Qxe4 30. f3 Qd5 31. Qxd5 exd5 32. Nf4 d4 33. Nd3 Rc8 34. Rc5 d6 35. Rf5 g6 36. Rf4 Ne5 37. Rxd4 Nxd3 38. Rxd3 d5 39. Kf2 Rc1 40. Rd2 Kf8 41. Bb3 Rc5 42. Rd4 g5 43. g3 hxg3+ 44. Kxg3 Ke7 45. Kg4 f6 46. f4 Bc8+ 47. Kg3 Be6 48. h4 gxh4+ 49. Kxh4 Kd6 50. Kg3 Bf5 51. Kf3 Be4+ 52. Ke3 Rc1 53. Rd2 Rh1 54. Ke2 Rh4 55. Ke3 Rh3+ 56. Ke2 Kc5 57. Ke1 Rh1+ 58. Ke2 d4 59. Rd1 Rh2+ 60. Ke1 Rxb2 61. Rc1+ Kb5 62. Rc8 a4 63. Bc4+ Kb6 64. Rb8+ Kc5 65. Rc8+ Kb6 66. Rb8+ Kc7 67. Rb5 d3 68. Rc5+ Kb6 0-1

[Event "FRA-ch U18 Girls"]
[Site "Troyes"]
[Date "2010.04.15"]
[Round "6"]
[White "Uhl, Sarah"]
[Black "Jeannerot, Lea"]
[Result "0-1"]
[WhiteElo "1714"]
[BlackElo "2030"]
[PlyCount "99"]
[EventDate "2010.04.11"]
[EventType "swiss"]
[EventRounds "9"]
[EventCountry "FRA"]
[SourceTitle "EXT 2012"]
[Source "ChessBase"]
[SourceDate "2011.11.24"]
[SourceVersion "1"]
[SourceVersionDate "2011.11.24"]
[SourceQuality "1"]

1. e4 c6 2. Nc3 d5 3. Nf3 Bg4 4. h3 Bxf3 5. Qxf3 e6 6. d3 Nf6 7. g4 Be7 8. Bd2 Qc7 9. g5 Nfd7 10. Bg2 Nb6 11. Qe2 N8d7 12. h4 0-0-0 13. exd5 exd5 14. 0-0-0 Bd6 15. Rde1 Nc5 16. Rhf1 Kb8 17. Qg4 Nbd7 18. f4 g6 19. Ne2 Rde8 20. Nc3 Nb6 21. Rxe8+ Rxe8 22. f5 Ncd7 23. fxg6 fxg6 24. Rf7 Re7 25. Rxe7 Bxe7 26. Bf4 Bd6 27. Bxd6 Qxd6 28. Bh3 Qe5 29. Qe6 Qf4+ 30. Kd1 Qxh4 31. Qd6+ Kc8 32. Bxd7+ Nxd7 33. Qe7 Qh1+ 34. Kd2 Qh2+ 35. Ne2 Qh4 36. a3 Kc7 37. Kd1 h6 38. c3 Qxg5 39. Qg7 h5 40. Nd4 Qf6 41. Qh6 h4 42. Qe3 Qe5 43. Qh6 Qh5+ 44. Qxh5 gxh5 45. Ne6+ Kd6 46. Nf4 Nf6 47. Ke2 Ke5 48. Ng6+ Kf5 49. Nxh4+ Kg4 50. Nf3 0-1

[Event "FRA-ch U18 Girls"]
[Site "Troyes"]
[Date "2010.04.13"]
[Round "4"]
[White "Herrmann, Melanie"]
[Black "Uhl, Sarah"]
[Result "0-1"]
[WhiteElo "1400"]
[BlackElo "1714"]
[PlyCount "74"]
[EventDate "2010.04.11"]
[EventType "swiss"]
[EventRounds "9"]
[EventCountry "FRA"]
[SourceTitle "EXT 2012"]
[Source "ChessBase"]
[SourceDate "2011.11.24"]
[SourceVersion "1"]
[SourceVersionDate "2011.11.24"]
[SourceQuality "1"]

1. d4 Nf6 2. c4 g6 3. Nc3 d5 4. e3 Bg7 5. Nf3 0-0 6. Be2 c6 7. cxd5 cxd5 8. 0-0 Nc6 9. Bd2 Bd7 10. Rc1 Rc8 11. b3 Bf5 12. Re1 Nb4 13. Ne5 Nd7 14. Nxd7 Qxd7 15. e4 dxe4 16. Nxe4 Nc6 17. Nc5 Qxd4 18. Nxb7 Qb6 19. Nc5 Bd4 20. Be3 Bxe3 21. fxe3 Rcd8 22. Bd3 Nb4 23. Qe2 Bxd3 24. Qg4 Bf5 25. Na4 Bxg4 26. Nxb6 axb6 27. Rc4 Be6 28. a3 Nd3 29. Rb1 Nc5 30. b4 Ne4 31. Rc6 b5 32. Ra1 Rd2 33. Rc7 Rfd8 34. Rcc1 Rb2 35. Rc7 Rdd2 36. Kf1 Rxg2 37. Ke1 Rg1# 0-1

[Event "FRA-ch U18 Girls"]
[Site "Troyes"]
[Date "2010.04.11"]
[Round "1"]
[White "Uhl, Sarah"]
[Black "De Seroux, Camille"]
[Result "0-1"]
[WhiteElo "1714"]
[BlackElo "2019"]
[PlyCount "88"]
[EventDate "2010.04.11"]
[EventType "swiss"]
[EventRounds "9"]
[EventCountry "FRA"]
[SourceTitle "EXT 2012"]
[Source "ChessBase"]
[SourceDate "2011.11.24"]
[SourceVersion "1"]
[SourceVersionDate "2011.11.24"]
[SourceQuality "1"]

1. e4 c5 2. d4 cxd4 3. c3 d5 4. exd5 Qxd5 5. Qxd4 Qxd4 6. cxd4 Nc6 7. Bb5 Bd7 8. Nf3 Nf6 9. 0-0 e6 10. Nc3 a6 11. Ba4 Bb4 12. Bf4 0-0 13. Rac1 Bxc3 14. bxc3 Nxd4 15. cxd4 Bxa4 16. Rb1 Bc6 17. Ne5 Bd5 18. a3 Rfd8 19. Be3 Rac8 20. Rfc1 Ne4 21. Rxc8 Rxc8 22. Rc1 Rxc1+ 23. Bxc1 b5 24. Kf1 Kf8 25. f3 Nd6 26. Nd7+ Ke7 27. Nc5 a5 28. Ke2 Nc4 29. Kd3 Kd6 30. Bf4+ Kc6 31. Bc1 f5 32. Kc3 e5 33. Nd3 e4 34. fxe4 fxe4 35. Nf4 g5 36. Nxd5 Kxd5 37. Bxg5 Nxa3 38. Bf6 Nc4 39. h4 Ne3 40. g3 h5 41. Bh8 Nf5 42. Be5 b4+ 43. Kd2 Nxd4 44. Bxd4 Kxd4 0-1

[Event "FRA-ch U16 Girls"]
[Site "La Roche sur Yon"]
[Date "2008.04.26"]
[Round "8"]
[White "Uhl, Sarah"]
[Black "Dourerassou, Cynthia"]
[Result "0-1"]
[WhiteElo "1850"]
[BlackElo "1909"]
[PlyCount "74"]
[EventDate "2008.04.21"]
[EventType "swiss"]
[EventRounds "9"]
[EventCountry "FRA"]
[SourceTitle "EXT 2010"]
[Source "ChessBase"]
[SourceDate "2010.11.25"]
[SourceVersion "1"]
[SourceVersionDate "2010.11.25"]
[SourceQuality "1"]

1. e4 e5 2. Nf3 Nc6 3. Bc4 Bc5 4. c3 Nf6 5. d4 exd4 6. cxd4 Bb4+ 7. Nc3 Bxc3+ 8. bxc3 d5 9. exd5 Nxd5 10. Ba3 Be6 11. 0-0 Qd7 12. Re1 0-0-0 13. Qc2 Bf5 14. Bd3 Bxd3 15. Qxd3 g5 16. Ne5 Nxe5 17. Rxe5 f6 18. Ree1 h5 19. Rab1 Rhe8 20. Bc5 Nf4 21. Qf3 Rxe1+ 22. Rxe1 Kb8 23. g3 Qh3 24. a4 h4 25. Rb1 b6 26. a5 hxg3 27. fxg3 Rh8 28. Rb2 Re8 29. Rb1 Re2 30. axb6 Qxh2+ 31. Kf1 Qh3+ 32. Kg1 Rg2+ 33. Kf1 Rxg3+ 34. Ke1 Rg1+ 35. Kd2 Rg2+ 36. Kc1 Qh1+ 37. Qd1 Nd3# 0-1

[Event "FRA-ch U14 Girls"]
[Site "Le Grand Bornand"]
[Date "2007.04.??"]
[Round "7"]
[White "Armas, Lena"]
[Black "Uhl, Sarah"]
[Result "0-1"]
[WhiteElo "1697"]
[BlackElo "1630"]
[PlyCount "78"]
[EventDate "2007.04.07"]
[EventType "swiss"]
[EventRounds "9"]
[EventCountry "FRA"]
[SourceTitle "CBM 118 Extra"]
[Source "ChessBase"]
[SourceDate "2007.07.04"]
[SourceVersion "1"]
[SourceVersionDate "2007.07.04"]
[SourceQuality "1"]

1. e4 c5 2. Nc3 Nc6 3. f4 e6 4. Bc4 a6 5. a4 d6 6. Nf3 Nf6 7. Bb3 Be7 8. 0-0 0-0 9. d3 Qc7 10. Qe1 Bd7 11. Qg3 Kh8 12. e5 dxe5 13. fxe5 Ng8 14. Ne4 h6 15. Nd6 Qb6 16. Nc4 Qc7 17. Nfd2 Nd4 18. Re1 Qd8 19. Qh3 b5 20. axb5 axb5 21. Rxa8 Qxa8 22. Nd6 Bg5 23. N2e4 Bxc1 24. Rxc1 Ne2+ 25. Kf2 Nxc1 26. Qh5 Be8 27. Ng5 Qa7 28. Nxe8 c4+ 29. Kf3 cxb3 30. Nd6 Qa8+ 31. Kg3 Ne2+ 32. Qxe2 hxg5 33. Nxf7+ Rxf7 34. Qh5+ Nh6 35. Qxg5 bxc2 36. Qc1 Qd5 37. Qxc2 Qxe5+ 38. Kh3 Qf5+ 39. Kh4 Qg4# 0-1

[Event "FRA-ch U12 Girls"]
[Site "Calvi"]
[Date "2005.04.20"]
[Round "5"]
[White "Uhl, Sarah"]
[Black "Mencacci, Tiphanie"]
[Result "1/2-1/2"]
[WhiteElo "1360"]
[BlackElo "1610"]
[PlyCount "114"]
[EventDate "2005.04.??"]
[EventType "swiss"]
[EventRounds "9"]
[EventCountry "FRA"]
[SourceTitle "EXT 2006"]
[Source "ChessBase"]
[SourceDate "2005.11.24"]
[SourceVersion "1"]
[SourceVersionDate "2005.11.24"]
[SourceQuality "1"]

1. c4 e5 2. g3 Nf6 3. Bg2 d5 4. cxd5 Nxd5 5. e3 Be7 6. Ne2 0-0 7. 0-0 Be6 8. d4 Nd7 9. Bd2 c6 10. Nbc3 N5f6 11. Ne4 Qc7 12. Nxf6+ Nxf6 13. h3 exd4 14. Nxd4 Bd7 15. Kh2 Rfe8 16. a3 Qc8 17. b4 Bd6 18. Qc2 c5 19. bxc5 Bxc5 20. Bxb7 Qxb7 21. Qxc5 Ne4 22. Qb4 Qc8 23. g4 Bxg4 24. hxg4 Qxg4 25. Qa5 Nxd2 26. Rfd1 Nf3+ 27. Nxf3 Qxf3 28. Kg1 Qh3 29. Qg5 h6 30. Qg2 Qxg2+ 31. Kxg2 Red8 32. Kf1 f6 33. Ke2 Rab8 34. Rxd8+ Rxd8 35. Rc1 Rd7 36. Rc8+ Kf7 37. Rc6 Rb7 38. Rc2 g5 39. Kf3 Kg6 40. Rc8 Rb3 41. Rg8+ Kf7 42. Rc8 Rxa3 43. Kg4 Ra2 44. f4 a5 45. f5 a4 46. Rc7+ Ke8 47. Kh5 Rh2+ 48. Kg6 a3 49. Kxf6 Rb2 50. Kg6 Rb6+ 51. f6 a2 52. Ra7 g4 53. Rxa2 h5 54. Rh2 g3 55. Rg2 h4 56. Kg5 Rb4 57. Kg6 Rb6 1/2-1/2

[Event "FRA-ch U12 Girls"]
[Site "Calvi"]
[Date "2005.04.19"]
[Round "3"]
[White "Uhl, Sarah"]
[Black "Khan, Mai Ly"]
[Result "1-0"]
[WhiteElo "1360"]
[BlackElo "1610"]
[PlyCount "135"]
[EventDate "2005.04.??"]
[EventType "swiss"]
[EventRounds "9"]
[EventCountry "FRA"]
[SourceTitle "EXT 2006"]
[Source "ChessBase"]
[SourceDate "2005.11.24"]
[SourceVersion "1"]
[SourceVersionDate "2005.11.24"]
[SourceQuality "1"]

1. c4 d5 2. cxd5 Qxd5 3. Nc3 Qa5 4. g3 Nc6 5. Nf3 Nf6 6. Bg2 Bg4 7. 0-0 e6 8. e3 Bd6 9. d4 0-0 10. Bd2 Qf5 11. a3 Ne7 12. Re1 e5 13. dxe5 Bxe5 14. Rc1 c6 15. Rc2 Rad8 16. e4 Qd7 17. Nxe5 Bxd1 18. Nxd7 Bxc2 19. Nxf6+ gxf6 20. Bh6 Rfe8 21. e5 fxe5 22. Rxe5 Ng6 23. Rxe8+ Rxe8 24. Be3 Ne5 25. Bf1 Ng4 26. Bxa7 Re6 27. Bh3 Re1+ 28. Kg2 Ne5 29. Bc8 b5 30. Be3 Nc4 31. Bd7 Nxe3+ 32. fxe3 Rxe3 33. Bxc6 Bd3 34. Kf2 Re6 35. Bxb5 Bxb5 36. Nxb5 Rb6 37. a4 Kf8 38. Ke3 Ke7 39. Kd4 Rf6 40. Kc5 Kd7 41. b4 Rg6 42. Nc3 Rc6+ 43. Kd4 Kc7 44. b5 Rg6 45. a5 Kb7 46. Kc5 Rh6 47. h4 Rg6 48. Ne4 f5 49. Nd6+ Ka7 50. Nxf5 Rg8 51. Nd6 Rxg3 52. b6+ Kb8 53. a6 Rc3+ 54. Kb5 Rb3+ 55. Kc6 h5 56. Nb5 Rxb5 57. Kxb5 Kc8 58. Kc6 Kd8 59. b7 Ke7 60. b8Q Ke6 61. Qb5 Ke7 62. a7 Ke6 63. a8R Ke7 64. Kd5 Kf6 65. Ke4 Ke6 66. Ra6+ Ke7 67. Qb7+ Kd8 68. Ra8# 1-0

[Event "FRA-ch U12 Girls"]
[Site "Calvi"]
[Date "2005.04.17"]
[Round "1"]
[White "Lefevre, Margaux"]
[Black "Uhl, Sarah"]
[Result "1-0"]
[WhiteElo "1780"]
[BlackElo "1360"]
[PlyCount "103"]
[EventDate "2005.04.??"]
[EventType "swiss"]
[EventRounds "9"]
[EventCountry "FRA"]
[SourceTitle "EXT 2006"]
[Source "ChessBase"]
[SourceDate "2005.11.24"]
[SourceVersion "1"]
[SourceVersionDate "2005.11.24"]
[SourceQuality "1"]

1. e4 d6 2. d4 Nf6 3. Nc3 g6 4. Be3 Bg7 5. Bc4 0-0 6. h3 Nxe4 7. Bxf7+ Rxf7 8. Nxe4 Bf5 9. Ng5 Rf8 10. c3 e5 11. Qb3+ Kh8 12. Nf7+ Rxf7 13. Qxf7 exd4 14. Bxd4 Bxd4 15. cxd4 d5 16. Nf3 Nc6 17. 0-0 Qd6 18. Ng5 Qd7 19. Qxd7 Bxd7 20. Nf3 Re8 21. Rfe1 Kg7 22. Rxe8 Bxe8 23. Re1 Bd7 24. Ne5 Nxe5 25. Rxe5 Kf6 26. Rxd5 Be6 27. Ra5 a6 28. g4 Ke7 29. f4 Kf6 30. b3 h6 31. Kf2 Bd7 32. Rc5 c6 33. a4 Be6 34. b4 Bb3 35. a5 Be6 36. Kg3 Bd7 37. d5 cxd5 38. Rxd5 Ke6 39. Re5+ Kf6 40. Rd5 Ke6 41. Rc5 Kf6 42. Rc7 Bc6 43. Rh7 Be4 44. Rxh6 Kg7 45. g5 Bd5 46. Kf2 Be4 47. Ke3 Bg2 48. Kd4 Bc6 49. Rh4 Bf3 50. Kc5 Be2 51. Kb6 Bf3 52. Rg4 1-0